Principles of microeconomics. (Record no. 692)
[ view plain ]
| 000 -LEADER | |
|---|---|
| fixed length control field | 00516nam a22002057a 4500 |
| 003 - CONTROL NUMBER IDENTIFIER | |
| control field | BD-DhUIB |
| 005 - DATE AND TIME OF LATEST TRANSACTION | |
| control field | 20260202151459.0 |
| 008 - FIXED-LENGTH DATA ELEMENTS--GENERAL INFORMATION | |
| fixed length control field | 260202b |||||||| |||| 00| 0 eng d |
| 020 ## - INTERNATIONAL STANDARD BOOK NUMBER | |
| International Standard Book Number | 9789366601601 |
| 040 ## - CATALOGING SOURCE | |
| Original cataloging agency | BD-DhUIB |
| Transcribing agency | BD-DhUIB |
| 050 ## - LIBRARY OF CONGRESS CALL NUMBER | |
| Classification number | 338.5 |
| 082 ## - DEWEY DECIMAL CLASSIFICATION NUMBER | |
| Edition number | 22 |
| 100 ## - MAIN ENTRY--PERSONAL NAME | |
| Personal name | Mankiw N. Gregory. |
| 9 (RLIN) | 2 |
| 245 ## - TITLE STATEMENT | |
| Title | Principles of microeconomics. |
| Statement of responsibility, etc. | by N. Gregory Mankiw. |
| 250 ## - EDITION STATEMENT | |
| Edition statement | 10th ed. |
| 260 ## - PUBLICATION, DISTRIBUTION, ETC. | |
| Place of publication, distribution, etc. | New Delhi. |
| Name of publisher, distributor, etc. | Cengage. |
| 300 ## - PHYSICAL DESCRIPTION | |
| Extent | xxi,,530p.: |
| Other physical details | illus; |
| Dimensions | 24cm. |
| 526 ## - STUDY PROGRAM INFORMATION NOTE | |
| Program name | BBA |
| 942 ## - ADDED ENTRY ELEMENTS (KOHA) | |
| Source of classification or shelving scheme | Dewey Decimal Classification |
| Koha item type | Books |
| Withdrawn status | Lost status | Source of classification or shelving scheme | Damaged status | Not for loan | Collection code | Home library | Current library | Shelving location | Date acquired | Source of acquisition | Total Checkouts | Full call number | Barcode | Date last seen | Copy number | Price effective from | Koha item type |
|---|---|---|---|---|---|---|---|---|---|---|---|---|---|---|---|---|---|
| Dewey Decimal Classification | Non-fiction | IBA Library | IBA Library | General Stacks | 01/22/4026 | Purchase | 338.5M278m | 00051713 | 02/02/2026 | C-1 | 02/02/2026 | Books | |||||
| Dewey Decimal Classification | Non-fiction | IBA Library | IBA Library | General Stacks | 01/22/2026 | Purchase | 338.5M278m | 00051716 | 02/02/2026 | C-2 | 02/02/2026 | Books |
